<?xml version="1.0" encoding="UTF-8"?>
<collection xmlns="http://www.loc.gov/MARC21/slim">
 <record>
  <leader>00543pamaa2200181   4500</leader>
  <controlfield tag="001">0000038455</controlfield>
  <controlfield tag="005">20140922090000.0</controlfield>
  <datafield tag="020" ind1="0" ind2="0">
   <subfield code="a">0071133119 (pbk) </subfield>
  </datafield>
  <datafield tag="082" ind1=" " ind2=" ">
   <subfield code="a">153.6 FIS 1994</subfield>
  </datafield>
  <datafield tag="090" ind1="0" ind2="0">
   <subfield code="a">BF637.C45 </subfield>
   <subfield code="b">FIS 1994</subfield>
  </datafield>
  <datafield tag="100" ind1="1" ind2="0">
   <subfield code="a">FISHER </subfield>
  </datafield>
  <datafield tag="245" ind1="1" ind2="0">
   <subfield code="a">Interpersonal communication : </subfield>
   <subfield code="b">pragmatics of human relationships  </subfield>
   <subfield code="c">B. Aubrey Fisher, Katherine L. Adams.</subfield>
  </datafield>
  <datafield tag="250" ind1="0" ind2="0">
   <subfield code="a">2nd ed.</subfield>
  </datafield>
  <datafield tag="260" ind1="0" ind2="0">
   <subfield code="a">New York: </subfield>
   <subfield code="b">McGraw-Hill, </subfield>
   <subfield code="c">1994.</subfield>
  </datafield>
  <datafield tag="300" ind1=" " ind2=" ">
   <subfield code="a">xviii, 460p.; </subfield>
   <subfield code="c">23 cm.</subfield>
  </datafield>
  <datafield tag="501" ind1="0" ind2="0">
   <subfield code="a">ADTP</subfield>
  </datafield>
  <datafield tag="650" ind1="0" ind2="0">
   <subfield code="a">Interpersonal communication </subfield>
  </datafield>
  <datafield tag="700" ind1="1" ind2="1">
   <subfield code="a">Adams, </subfield>
   <subfield code="h">Katherine L </subfield>
  </datafield>
 </record>
</collection>
